| 000 | 01382nam a22003494a 4500 | ||
|---|---|---|---|
| 001 | ebr10194806 | ||
| 003 | CaPaEBR | ||
| 006 | m u | ||
| 007 | cr cn||||||||| | ||
| 008 | 031024s2004 txu sb s001 0 eng | ||
| 010 | _z 2003023303 | ||
| 020 | _z0292747209 (cloth : alk. paper) | ||
| 020 | _z0292705662 (pbk. : alk. paper) | ||
| 040 |
_aCaPaEBR _cCaPaEBR |
||
| 035 | _a(OCoLC)560333508 | ||
| 043 | _acl----- | ||
| 050 | 1 | 4 |
_aPQ7082.N7 _bL523 2004eb |
| 082 | 0 | 4 |
_a863.009/98 _222 |
| 100 | 1 |
_aLindstrom, Naomi, _d1950- |
|
| 245 | 1 | 0 |
_aEarly Spanish American narrative _h[electronic resource] / _cby Naomi Lindstrom. |
| 250 | _a1st ed. | ||
| 260 |
_aAustin : _bUniversity of Texas Press, _c2004. |
||
| 300 | _a237 p. | ||
| 504 | _aIncludes bibliographical references (p. [229]-231) and index. | ||
| 533 |
_aElectronic reproduction. _bPalo Alto, Calif. : _cebrary, _d2013. _nAvailable via World Wide Web. _nAccess may be limited to ebrary affiliated libraries. |
||
| 650 | 0 |
_aSpanish American fiction _xHistory and criticism. |
|
| 650 | 0 |
_aLiterature and history _zLatin America. |
|
| 650 | 0 | _aNational characteristics, Latin American, in literature. | |
| 655 | 7 |
_aElectronic books. _2local |
|
| 710 | 2 | _aebrary, Inc. | |
| 856 | 4 | 0 |
_uhttp://site.ebrary.com/lib/rucke/Doc?id=10194806 _zAn electronic book accessible through the World Wide Web; click to view |
| 999 |
_c220654 _d220654 |
||